Novelistas ingleses contemporáneos (Record no. 76847)

MARC details
000 -LEADER
campo de control de longitud fija 00656nam a2200205 i 4500
001 - NÚMERO DE CONTROL
campo de control 76847
003 - IDENTIFICADOR DE NÚMERO DE CONTROL
campo de control ES-MaACL
005 - FECHA Y HORA DE LA ÚLTIMA TRANSACCIÓN
campo de control 20250918214857.0
007 - CAMPO FIJO DE DESCRIPCIÓN FÍSICA--INFORMACIÓN GENERAL
campo de control de longitud fija t|
008 - DATOS DE LONGITUD FIJA--INFORMACIÓN GENERAL
campo de control de longitud fija 041005s1945 sp ||||1| spa d
100 1# - ENTRADA PRINCIPAL--NOMBRE DE PERSONA
Nombre de persona Guillón Ballesteros, Antonio.
9 (RLIN) 60818
245 10 - MENCIÓN DEL TÍTULO
Título Novelistas ingleses contemporáneos
Resto del título : cinco damas y nueve caballeros /
Mención de responsabilidad, etc. Ricardo Gullón ; [prólogo de Antonio Marichalar].
260 ## - PUBLICACIÓN, DISTRIBUCIÓN, ETC.
Lugar de publicación, distribución, etc. Zaragoza :
Nombre del editor, distribuidor, etc. Cronos,
Fecha de publicación, distribución, etc. 1945.
300 ## - DESCRIPCIÓN FÍSICA
Extensión 244 p. ;
Dimensiones 20 cm.
490 1# - MENCIÓN DE SERIE
Mención de serie La pluma
700 1# - ENTRADA AGREGADA--NOMBRE PERSONAL
Nombre de persona Marichalar, Antonio,
Fechas asociadas al nombre 1893-1973
9 (RLIN) 76704
830 0# - PUNTO DE ACCESO ADICIONAL DE SERIE-TÍTULO UNIFORME
Título uniforme La pluma
9 (RLIN) 183299
852 ## - LOCALIZACIÓN
Ubicación ES-MaACL
Número de control de estantería B-10320
Sublocalización o colección R.21998
Holdings
Estatus retirado Estado de pérdida Estado de daño No para préstamo Biblioteca de origen Biblioteca actual Ubicación en estantería Fecha de adquisición Fuente de adquisición Total de préstamos Signatura topográfica completa Código de barras Visto por última vez Precio de reemplazo Tipo de ítem Koha
        Biblioteca del Ateneo de Madrid Biblioteca del Ateneo de Madrid Sala Pardo Bazán 17/01/2008     B-10320 1080412 23/02/2023 23/02/2023 Libro impreso